000 00544na a2200217 4500
001 14633
003 MIRAKIL
005 20181213154820.0
008 161024b tu 000 0
020 _a300015227X
040 _aMilas
_btur
_cTR-AnCHP
041 _atur
082 _a927
_bÖ91m 2004
090 _a927 Ö91m 2004
100 _aÖzbey, Ekrem
245 _aMıymıntı Atatürk'çüler
_cEkrem Özbey
260 _a[y.y.]
_b[yayl.y.]
_c2004
300 _a275 s.
_c20 sm.
650 _aÖğretmenler
_xAnılar
942 _2dcc
_cBKS
999 _c1358
_d1358